| 000 | 00480nam a2200205Ia 4500 | ||
|---|---|---|---|
| 003 | OSt | ||
| 005 | 20220912144335.0 | ||
| 006 | a|||||r|||| 00| 0 | ||
| 007 | ta | ||
| 008 | 220909b |||||||| |||| 00| 0 eng d | ||
| 020 | _aSL0301634 | ||
| 024 | _a196354 | ||
| 037 | _cTextual | ||
| 040 |
_aCSL _beng _cCSL |
||
| 041 | _aeng | ||
| 082 | _aG:66un1,N67, k7 | ||
| 245 | 0 | _aEvolutionary biology | |
| 942 |
_hG:66un1,N67, k7 _cTEXL _2CC |
||
| 999 |
_c5434 _d5434 |
||